| 000 | 00700nam a22002057a 4500 | ||
|---|---|---|---|
| 005 | 20100802155423.0 | ||
| 010 | _aENG-97797 | ||
| 020 |
_a9788190790826 _c130.00 |
||
| 035 | _aEN-81330 | ||
| 037 | _bDBAD/PUB | ||
| 082 | _a546 | ||
| 100 |
_aThangamani, N. _94502 |
||
| 245 |
_aThe text book for advanced inorganic chemistry / _cby N. Thangamani |
||
| 260 |
_aNamakkal _bJaya Pathippagam _c2009 |
||
| 270 |
_aSellam Kudil / Maruthu Patti _bNamakkal _e637019 |
||
| 300 |
_a123p.: _bill. _c21cm (pbk) |
||
| 650 |
_aChemistry - Inorganic _94503 |
||
| 942 |
_2ddc _cEN _h546 _mTHA |
||
| 999 |
_c38770 _d38770 |
||